Professional Website Performance (Record no. 6470)

MARC details
000 -LEADER
fixed length control field 00300nam a2200121Ia 4500
008 - FIXED-LENGTH DATA ELEMENTS--GENERAL INFORMATION
fixed length control field 191201s2013 xx 000 0 und d
100 ## - MAIN ENTRY--PERSONAL NAME
Personal name SMITH, Peter
245 #0 - TITLE STATEMENT
Title Professional Website Performance
260 ## - PUBLICATION, DISTRIBUTION, ETC. (IMPRINT)
Place of publication, distribution, etc N. Delhi
Name of publisher, distributor, etc Wiley india
Date of publication, distribution, etc 2013
300 ## - PHYSICAL DESCRIPTION
Extent 441
650 ## - SUBJECT ADDED ENTRY--TOPICAL TERM
Topical term or geographic name as entry element M.Tech(CSE)
942 ## - ADDED ENTRY ELEMENTS (KOHA)
Source of classification or shelving scheme Dewey Decimal Classification
Koha item type Text Books
Holdings
Withdrawn status Lost status Source of classification or shelving scheme Damaged status Not for loan Collection code Home library Current library Date acquired Source of acquisition Cost, normal purchase price Bill Number Total Checkouts Full call number Acc. no. / Barcode Date last seen Actual Cost, discounted price Bill Date Koha item type Date last borrowed Checked out
    Dewey Decimal Classification     B.Tech(CSE) PIET C-LIBRARY PIET C-LIBRARY 09/03/2015 KIRTI PRAKASHAN, NEW DELHI 699.00 IN2822   004.678 SMP 27841 04/12/2019 468.33 02/09/2015 Text Books    
    Dewey Decimal Classification     B.Tech(CSE) PIET C-LIBRARY PIET C-LIBRARY 09/03/2015 KIRTI PRAKASHAN, NEW DELHI 699.00 IN2822 1 004.678 SMP 27842 07/08/2024 468.33 02/09/2015 Text Books 02/07/2024  
    Dewey Decimal Classification     B.Tech(CSE) PIET C-LIBRARY PIET C-LIBRARY 09/03/2015 KIRTI PRAKASHAN, NEW DELHI 699.00 IN2822   004.678 SMP 27843 04/12/2019 468.33 02/09/2015 Text Books    
    Dewey Decimal Classification     B.Tech(CSE) PIET C-LIBRARY PIET C-LIBRARY 09/03/2015 KIRTI PRAKASHAN, NEW DELHI 699.00 IN2822 1 004.678 SMP 27844 06/11/2020 468.33 02/09/2015 Text Books 06/11/2020 20/11/2020

Design & Developed by: PIET Central Library
R70 Miles Stone Pattikalyana Samalkha Panipat 132102
mail ID :- [email protected], Phone No:- 0180-2569700 Ex.216